MARC

LEADER 00000nam0a2200000 4500
001 257402
005 20231031215851.0
035 |a (RuTPU)RU\TPU\book\280199 
090 |a 257402 
100 |a 20140416d1966 k y0rusy50 ca 
101 0 |a rus 
102 |a RU 
105 |a a z 001zy 
200 1 |a Технические электроизмерители времени  |f В. Н. Федотов 
210 |a Москва  |a Ленинград  |c Машиностроение  |d 1966 
215 |a 159 с.  |c ил. 
320 |a Библиогр.: с. 158. 
606 1 |a Время  |x Измерение  |2 stltpush  |3 (RuTPU)RU\TPU\subj\3746 
610 1 |a электроизмерители 
610 1 |a классификация 
610 1 |a измерители 
610 1 |a интервалы времени 
610 1 |a разновидности 
610 1 |a приборы времени 
675 |a 681.116  |v 3 
700 1 |a Федотов  |b В. Н.  |g Владимир Николаевич 
801 1 |a RU  |b 63413507  |c 20140416 
801 2 |a RU  |b 63413507  |c 20140526  |g RCR 
942 |c BK